Loading...
Wetlands in danger
| Main Authors: | , |
|---|---|
| Format: | Printed Book |
| Published: |
London, Great Britain
1993
|
| Subjects: |
| LEADER | 004920000a22001570004500 | ||
|---|---|---|---|
| 020 | |a 1-85732-166-9 | ||
| 082 | |a 574.526 325 BEA | ||
| 100 | |a Beazley, Mitchell |9 39763 | ||
| 100 | |a Dugan, Patrick |f Ed |9 85767 | ||
| 245 | |a Wetlands in danger | ||
| 260 | |a London, Great Britain | ||
| 260 | |c 1993 | ||
| 650 | |a Wetlands |9 135491 | ||
| 942 | |c BK | ||
| 999 | |c 177057 |d 177053 | ||
| 952 | |0 0 |1 0 |4 0 |6 574_526000000000000_325_BEA |7 0 |9 175483 |a SES |b SES |d 2019-05-16 |l 0 |o 574.526 325 BEA |p SES00133 |r 2019-05-16 |w 2019-05-16 |y BK | ||